| 000 | 00631cam a2200193 4500 | ||
|---|---|---|---|
| 001 | D16308 | ||
| 008 | 090401t1985 xxu||||| |||| 00| 0 eng d | ||
| 035 | _a(Sirsi) u28483 | ||
| 041 | _aeng | ||
| 050 | _a333.007 | ||
| 110 |
_aRoyal Institution of Chartered Surveyors _bJunior Organisation _91458 |
||
| 245 | _a[Test of professional competence] Guidance note to branch TPC doctors | ||
| 260 |
_bRICS _c1985 |
||
| 300 | _alooseleaf. 32cm | ||
| 350 | _a0 | ||
| 520 | _aFiled in box RICS 1985/36A; Note: appendix B contains copies of the current eds of divisional rules and guide to the TPC | ||
| 942 | _n0 | ||
| 948 | _c04/03/1997 | ||
| 999 |
_c89284 _d89284 |
||